Gentilé des pays d'Europe - Statistiques

Statistiques générales
  • Ce quiz a été pris 87 fois
  • Le résultat moyen est 42 sur 48
Statistiques - réponses
Hint Réponse % Correct
Allemagne Allemand / Allemande
100%
Autriche Autrichien / Autrichienne
100%
Belgique Belge / Belge
100%
Arménie Arménien / Arménienne
99%
Bulgarie Bulgare / Bulgare
99%
Croatie Croate / Croate
99%
Espagne Espagnol / Espagnole
99%
France Français / Française
99%
Géorgie Géorgien / Géorgienne
99%
Grèce Grec / Grecque
99%
Irlande Irlandais / Irlandaise
99%
Islande Islandais / Islandaise
99%
Italie Italien / Italienne
99%
Estonie Estonien / Estonienne
97%
Lettonie Letton / Lettone
97%
Lituanie Lituanien / Lituanienne
97%
Norvège Norvégien / Norvégienne
97%
Pologne Polonais / Polonaise
97%
Albanie Albanais / Albanaise
96%
Biélorussie Biélorusse / Biélorusse
96%
Danemark Danois / Danoise
96%
Finlande Finlandais / Finlandaise
96%
Hongrie Hongrois / Hongroise
96%
Serbie Serbe / Serbe
96%
Slovaquie Slovaque / Slovaque
96%
Suède Suédois / Suédoise
96%
Ukraine Ukrainien / Ukrainienne
96%
Luxembourg Luxembourgeois / Luxembourgeoise
95%
Portugal Portugais / Portugaise
95%
Roumanie Roumain / Roumaine
95%
Russie Russe / Russe
95%
Suisse Suisse / Suisse
95%
Malte Maltais / Maltaise
94%
Moldavie Moldave / Moldave
94%
République tchèque Tchèque / Tchèque
94%
Pays-Bas Néerlandais / Néerlandaise
91%
Monaco Monégasque / Monégasque
88%
Slovénie Slovène / Slovène
88%
Macédoine du Nord Macédonien / Macédonienne
83%
Chypre Chypriote / Chypriote
82%
Kosovo Kosovar / Kosovare
70%
Bosnie-Herzégovine Bosniaque / Bosniaque
69%
Royaume-Uni Britannique / Britannique
57%
Monténégro Monténégrin / Monténégrine
49%
Andorre Andorran / Andorrane
47%
Liechtenstein Liechtensteinois / Liechtensteinoise
40%
Saint-Marin Saint-Marinais / Saint-Marinaise
34%
Vatican Vaticaniste / Vaticaniste
3%
Aucun quiz correspondant
Distribution des résultats
% des personnes avec chaque résultat
Percentile par nombre de réponses
Votre historique - résultats
Vous n’avez pas pris ce quiz